Oak Hill Academy Basketball Players - Statistics

General Stats
  • This quiz has been taken 54 times
  • The average score is 5 of 19
Answer Stats
Hint Answer % Correct
Syrause, 2003 Carmelo Anthony
96%
Texas, 2006 Kevin Durant
59%
2004 PF Josh Smith
39%
2009 PG Brandon Jennings
37%
Duke 2011 Nolan Smith
37%
UNC 2009 PG Ty Lawson
37%
Kansas State 2008 Michael Beasley
31%
Kentucky 2006 PG Rajon Rondo
27%
UNC 1995 Jerry Stackhouse
16%
Kentucky 1997 Ron Mercer
16%
Maryland. 2003 Steve Blake
16%
Kentucky 2012 Doron Lamb
14%
1997, SF/ SG Stephen Jackson
14%
2001, Center Desanga Diop
10%
DePaul 1988 Rod Strickland
8%
UNC 1996 Jeff Mcinnis
6%
Pittsbugh, 1997 Mark Blout
6%
Syracuse 2009 Eric Devendorf
4%
UVA 1998 Curtis Staples
2%
No matching quizzes found
Score Distribution
Percent of People with Each Score
Percentile by Number Answered
Your Score History
You have not taken this quiz